书目信息 |
| 题名: |
水系统集成优化—节水减排的系统综合方法
|
|
| 作者: | 冯霄 著 | |
| 分册: | ||
| 出版信息: | 北京 化学工业出版社 2008.3 |
|
| 页数: | 306页 | |
| 开本: | 28cm | |
| 丛书名: | ||
| 单 册: | ||
| 中图分类: | TU991.64 | |
| 科图分类: | ||
| 主题词: | 城市供水系统 | |
| 电子资源: | ||
| ISBN: | 978-7-122-02152-6 | |
| 000 | 00726 nam 000229 | |
| 001 | 0100015332 | |
| 005 | 20111224144322.85 | |
| 010 | @a978-7-122-02152-6@dCNY58.00 | |
| 100 | @a20020101d2006 em y0chiy0121 ea | |
| 101 | @achi | |
| 102 | @aCN@b110000 | |
| 105 | @ay z 000yy | |
| 200 | 10 | @a水系统集成优化—节水减排的系统综合方法@9shui ji tong ji cheng you hua jie shui jian pai de ji tong zeng he fang fa@f冯霄著@Ffeng xiao zhu |
| 210 | @a北京@c化学工业出版社@d2008.3 | |
| 215 | @a306页@d28cm | |
| 540 | @a水系统集成优化—节水减排的系统综合方法 | |
| 606 | @a城市供水系统 | |
| 690 | @aTU991.64@v4 | |
| 701 | 0 | @a冯霄@9feng xiao@4著 |
| 801 | @aCN@c20111224 | |
| 901 | @a209903 | |
| 905 | @b859855-56@dTU991.64@eF5261@f3 | |
| 水系统集成优化—节水减排的系统综合方法/冯霄著.-北京:化学工业出版社,2008.3 |
| 306页;28cm |
| ISBN 978-7-122-02152-6:CNY58.00 |
| ● |
| 相关链接 |
|
|
|
正题名:水系统集成优化—节水减排的系统综合方法
索取号:TU991.64/F5261
 
预约/预借
| 序号 | 登录号 | 条形码 | 馆藏地/架位号 | 状态 | 备注 |
| 1 | 1065282 | 210652827 | 自科二线404/404自科库 26排3列3层/ [索取号:TU991.64/F5261] | 在馆 | |
| 2 | 1065283 | 210652836 | 建筑库201/201建筑库 134排2列5层/ [索取号:TU991.64/F5261] | 在馆 | |
| 3 | 1065284 | 210652845 | 市政与环境工程学院资料室/101建筑库 97排4列2层/ [索取号:TU991.64/F5261] | 在馆 |